000 00548nam a2200193Ia 4500
003 LK-CoDNM
005 20241217121744.0
008 121129t1960 xxu||||| |||| 00| 0 sin d
040 _aLK-CoDNM
_dLK-CoDNM
_eLK-CoDNM
041 _asin
080 _a8S-1 14/15
_bMAI
100 _aDarmabandu .T.A
245 _aලෝවැඩ සඟරා වර්ණනා
246 _aLoveda Sangara Varnana
260 _bM.D.Gunasena Samagama
_aColombo 11
_c1960
300 _b291p. : 19 cm
650 _aපුරාතන පද්‍ය
942 _cBK
999 _c76406
_d76406